BIBLIOTECA

SENCICO

Introducción al análisis estadístico / (Registro nro. 4469)

Detalles MARC
000 -LEADER
fixed length control field 00658nam a22002297a 4500
003 - CONTROL NUMBER IDENTIFIER
control field PE SENCICO BE
005 - DATE AND TIME OF LATEST TRANSACTION
control field 20251020182648.0
008 - FIXED-LENGTH DATA ELEMENTS--GENERAL INFORMATION
fixed length control field 240103b |||||||| |||| 00| 0 eng d
040 ## - CATALOGING SOURCE
Original cataloging agency PE SENCICO BE
Transcribing agency PE SENCICO BE
041 ## - LANGUAGE CODE
Language code of text/sound track or separate title spa
082 ## - DEWEY DECIMAL CLASSIFICATION NUMBER
Classification number 519.5
Item number D71
-- 1970
100 1# - MAIN ENTRY--PERSONAL NAME
9 (RLIN) 1823
Personal name Dixon, Wilfrid J.
Relator term autor
245 1# - TITLE STATEMENT
Title Introducción al análisis estadístico /
Statement of responsibility, etc. Wilfrid J. Dixon
250 ## - EDITION STATEMENT
Edition statement 2a ed.
260 ## - PUBLICATION, DISTRIBUTION, ETC.
Place of publication, distribution, etc. Lima :
Name of publisher, distributor, etc. McGraw Hill;
Date of publication, distribution, etc. 1970
300 ## - PHYSICAL DESCRIPTION
Extent xiii, 489 p. :
Dimensions 22 cm.
650 10 - SUBJECT ADDED ENTRY--TOPICAL TERM
9 (RLIN) 1473
Topical term or geographic name entry element Estadística
650 20 - SUBJECT ADDED ENTRY--TOPICAL TERM
9 (RLIN) 1825
Topical term or geographic name entry element Análisis de varianza
700 1# - ADDED ENTRY--PERSONAL NAME
9 (RLIN) 1824
Personal name Massey, Frank J.
910 ## - USER-OPTION DATA (OCLC)
-- hfp
-- hfp
942 ## - ADDED ENTRY ELEMENTS (KOHA)
Source of classification or shelving scheme Dewey Decimal Classification
Koha item type Libros
Existencias
Fecha de la última vez que lo usaron Número de ingreso o de inventario Pago total Signatura topográfica completa Código de barras Precio efectivo desde Tipo de documento Estado perdido Sistema de clasificación Estado dañado No es para préstamo Retirado Ubicación permanente Ubicación actual Fecha de adquisición Fuente de adquisición
03/01/2024 16696   519.5/D71/1970 BibLima24010001 03/01/2024 Libros   Dewey Decimal Classification       Biblioteca Central Lima Biblioteca Central Lima 27/12/2023 Donado por Gilberto Vigil Galvez